Mechanical Refrigeration
Saved in:
| Main Authors: | , |
|---|---|
| Format: | Bog |
| Sprog: | engelsk |
| Udgivet: |
Nueva York
McGraw-Hill
1959
|
| Udgivelse: | 2a. ed |
| Fag: | |
| Tags: |
Tilføj Tag
Ingen Tags, Vær først til at tagge denne postø!
|
MARC
| LEADER | 00000nam a2200000 a 4500 | ||
|---|---|---|---|
| 001 | UCY3907 | ||
| 003 | CL-VaPUC | ||
| 008 | 950120e19590000US |||||||||||||||||eng|d | ||
| 082 | 0 | 4 | |a 621.56 |b SPA |2 21 |
| 100 | 0 | |a Sparks, Norman R |e author |9 332331 | |
| 700 | 0 | |a Dillio, Charles C |e author |9 332332 | |
| 245 | 1 | 0 | |a Mechanical Refrigeration |
| 250 | |a 2a. ed | ||
| 300 | |a 283 p | ||
| 942 | |c BK | ||
| 945 | |d 19950120 00:00:00 |a mfernand | ||
| 260 | |a Nueva York |b McGraw-Hill |c 1959 | ||
| 650 | 0 | |a Refrigeración |9 259343 | |
| 583 | |a last modification |c 19950120 00:00:00 |k Rodrigo Vera | ||
| 999 | |c 231941 |d 231939 | ||
| 952 | |0 0 |1 0 |4 0 |6 621_560000000000000_SPA_1959 |7 0 |8 CCM |9 235791 |a BIBCUR |b BIBCUR |d 2019-11-15 |i 3054373 |o 621.56 SPA 1959 |p 3054373 |r 2025-04-22 |w 2019-11-15 |y BK |k CIM | ||
| 952 | |0 0 |1 0 |4 0 |6 621_560000000000000_SPA_1959 |7 0 |8 A |9 235792 |a BIBING |b BIBING |d 2019-11-15 |i 1680099 |o 621.56 SPA 1959 |p 1680099 |r 2025-01-20 |w 2019-11-15 |y BK |k EIB | ||
| 952 | |0 0 |1 0 |4 0 |6 621_560000000000000_SPA_1959 |7 0 |8 A |9 235793 |a BIBING |b BIBING |d 2019-11-15 |i 1680315 |o 621.56 SPA 1959 |p 1680315 |r 2025-01-20 |w 2019-11-15 |y BK |k EIB | ||